00664nam a22002051a 450000500170000000800410001702000230005804000260008105000200010708200200012710000320014724500290017926000500020830000220025850000860028060000290036660000320039560000280042785200030045520110718133135.0091005s1995 001 0 eng d a9966405232 :c0.00 aNEGST Library - Kenya 4aBS 325.M87 19950 aBS 325.M87 19951 aAlliance biblique du Tchad.10aGalamba Wilira u Soolla. aN'Djamena :bAlliance Biblique du Tch,c1995. aiv, 665 p. : ill. a"Le Nouveau Testament et les Psaumes en langue moussey." - T.p. verso. [Africana]10aBible. N.T. Musey. 1995.10aBible. Psalms. Musey. 1995.10aMusey language - Texts.